| 000 | 00980cam a2200289 a 4500 | ||
|---|---|---|---|
| 001 | 60503 | ||
| 003 | CO-BoRNBP | ||
| 005 | 20260217153509.0 | ||
| 007 | ta | ||
| 008 | 040824s2003 ck a g t 000 0 spa u | ||
| 020 | _a9586981207 | ||
| 040 |
_aCO-BoBN _bspa _cCO-BoBN |
||
| 084 | _a0 | ||
| 100 | 1 |
_aAcero Duarte, Luis Enrique, _d1952- _968863 |
|
| 245 | 1 | 1 |
_a[Guía para el cultivo, aprovechamiento y conservación de la uva camarona : _bmacleania rupestris (H.B.K.) A. C. Smith / _cLuis Enrique Acero D. & Henry Yesid Bernal] |
| 250 | _a1a. edición | ||
| 300 |
_a43 p. : _bil. fot. col. ; _c28 cm |
||
| 336 |
_2rdacontent _atexto _btxt |
||
| 337 |
_2rdamedia _asin mediación _bn |
||
| 338 |
_2rdacarrier _avolumen _bnc |
||
| 500 | _aIlustraciones Laura V. Ruano Cáceres. | ||
| 504 |
_aBibliografía: p. 28-30. _b29. |
||
| 650 | _2LEMB | ||
| 700 | 1 |
_aBernal Malagón, Henry Yesid _968864 |
|
| 700 | 1 |
_aRuano Cáceres, Laura Victoria, _eilustrador, _92733 |
|
| 942 |
_2ddc _cBK |
||
| 999 |
_c60503 _d60503 |
||